Diet, sleep, exercise : (Record no. 24270)
[ view plain ]
| 000 -LEADER | |
|---|---|
| fixed length control field | 00536nam a22001817a 4500 |
| 020 ## - INTERNATIONAL STANDARD BOOK NUMBER | |
| ISBN | 9789387791893 |
| 082 ## - DEWEY DECIMAL CLASSIFICATION NUMBER | |
| Classification number | 613 |
| Item number | DIE |
| 245 ## - TITLE STATEMENT | |
| Title | Diet, sleep, exercise : |
| Sub Title | a comprehensive guide to a healthy lifestyle / |
| Statement of responsibility, etc | Edited by Suresh Nambath |
| 260 ## - PUBLICATION, DISTRIBUTION, ETC. (IMPRINT) | |
| Place of publication | Chennai : |
| Name of publisher | THG Publishers , |
| Year of publication | 2025. |
| 300 ## - PHYSICAL DESCRIPTION | |
| Number of Pages | 98 pages : |
| Other physical details | illustrations ; |
| Dimensions | 22 cm. |
| 650 ## - SUBJECT ADDED ENTRY--TOPICAL TERM | |
| Subject | Health |
| 650 ## - SUBJECT ADDED ENTRY--TOPICAL TERM | |
| Subject | Nutrition. |
| 650 ## - SUBJECT ADDED ENTRY--TOPICAL TERM | |
| Subject | Sleep hygiene. |
| 650 ## - SUBJECT ADDED ENTRY--TOPICAL TERM | |
| Subject | Physical fitness. |
| 700 ## - ADDED ENTRY--PERSONAL NAME | |
| Author 2/ Editor | Suresh, Nambath (editor) |
| 942 ## - ADDED ENTRY ELEMENTS (KOHA) | |
| Source of classification or shelving scheme | Dewey Decimal Classification |
| Koha item type | Books |
| Withdrawn status | Lost status | Source of classification or shelving scheme | Damaged status | Not for loan | Home library | Current library | Shelving location | Date acquired | Source of acquisition | Cost, normal purchase price | Bill Date | Full call number | Accession Number | Price effective from | Koha item type |
|---|---|---|---|---|---|---|---|---|---|---|---|---|---|---|---|
| Dewey Decimal Classification | Institute of Public Enterprise, Library | Institute of Public Enterprise, Library | S Campus | 03/09/2026 | Synergy Books India | 199.00 | 20-02-2026 | 613 DIE | 50985 | 03/09/2026 | Books |

2cqr automation private limited, Chennai. All Rights Reserved.